LEADER 00902nam0-22003131i-450- 001 990000460900403321 005 20090123135510.0 010 $a0-471-91178-X 035 $a000046090 035 $aFED01000046090 035 $a(Aleph)000046090FED01 035 $a000046090 100 $a20020821d1987----km-y0itay50------ba 101 0 $aeng 105 $aa-------001yy 200 1 $aThyristor design and realisation$fPaul D. Taylor 210 $aNew York$cWiley & Sons$d©1987 215 $a219 p.$cill.$d24 cm 225 1 $aDesign and measurement in electrical and electronic engineering 610 0 $aTiristori 676 $a621.381'528 700 1$aTaylor,$bPaul D.$025563 801 0$aIT$bUNINA$gRICA$2UNIMARC 901 $aBK 912 $a990000460900403321 952 $a10 D II 367$b430 DEE$fDINEL 959 $aDINEL 996 $aThyristor design and realisation$9334841 997 $aUNINA LEADER 00999cam0-2200337---450- 001 990004365710403321 005 20110928132545.0 010 $a3-8305-0022-X 035 $a000436571 035 $aFED01000436571 035 $a(Aleph)000436571FED01 035 $a000436571 100 $a19990604d2000----km-y0itay50------ba 101 0 $ager 102 $aDE 105 $ay-------001yd 200 1 $aAnton Friedrich Büsching (1724-1793)$eein Leben im Zeitalter der Aufklärung$fPeter Hoffmann 210 $aBerlin$cBerlin Verl. A. Spitz$d2000 215 $a322 p.$d23 cm 225 1 $aAufklärung und Europa 610 0 $aBüsching, Anton Friedrich <1724-1793> 610 0 $aGeografi$aGermania$aSec. 18. 676 $a923.9 700 1$aHoffmann,$bPeter$0381077 801 0$aIT$bUNINA$gRICA$2UNIMARC 901 $aBK 912 $a990004365710403321 952 $a923.9 HOF 1$b11149 DFM$fFLFBC 959 $aFLFBC 996 $aAnton Friedrich Büsching (1724-1793$9540912 997 $aUNINA